00666nam a2200193Ia 4500952015500000999001700155003000400172005001700176008004100193020001800234040000900252082002000261100002300281245005600304260003800360300000900398650001900407942004600426 00102ddc40708MISCELLANEOUSaMESbMEScENGd2019-02-20g250.00l4m3o828.9954 MUR/Wp36728r2023-10-25 11:46:14s2023-10-04w2019-02-20yBKzGR8R1 c14639d14639OSt20201022111118.0190216s9999||||xx |||||||||||||| ||und|| a9780143062226 coclc a828.9954bMUR/W aMurty, Sudha95568 0aWise And Otherwise A Salute To Life /cSudha Murty  bPenguin Books,c2006.aNew Delhi: a220p aEnglish-Essays cBK2ddch828.9954iMUR/Wk828.9954mMUR/W